|
|
|
|
| LEADER |
02655nam a2200709 4500 |
| 001 |
ocn779740501 |
| 003 |
OCoLC |
| 005 |
20170124071521.1 |
| 006 |
m o d |
| 007 |
cr un|---uuuuu |
| 008 |
120308s2012 nju o 001 0 eng |
| 010 |
|
|
|z 2012009221
|
| 040 |
|
|
|a DLC
|b eng
|e pn
|c DLC
|d YDX
|d N$T
|d IDEBK
|d TEFOD
|d YDXCP
|d EBLCP
|d DEBSZ
|d E7B
|d CDX
|d DEBBG
|d TEFOD
|d DG1
|d COO
|d OCLCQ
|d GrThAP
|
| 019 |
|
|
|a 801657558
|a 808345244
|a 808670023
|a 817795288
|a 966522600
|
| 020 |
|
|
|a 9781119203223
|q (electronic bk.)
|
| 020 |
|
|
|a 1119203228
|q (electronic bk.)
|
| 020 |
|
|
|z 9781118227435
|
| 020 |
|
|
|z 1118227433
|
| 020 |
|
|
|z 9781118233269
|
| 020 |
|
|
|z 1118233263
|
| 020 |
|
|
|z 9781118265161
|
| 020 |
|
|
|z 1118265165
|
| 020 |
|
|
|z 9781118185360
|q (cloth)
|
| 020 |
|
|
|z 1282000314
|
| 020 |
|
|
|z 9781282000315
|
| 029 |
1 |
|
|a AU@
|b 000052894446
|
| 029 |
1 |
|
|a DEBBG
|b BV040869236
|
| 029 |
1 |
|
|a DEBBG
|b BV041906684
|
| 029 |
1 |
|
|a DEBSZ
|b 397240511
|
| 029 |
1 |
|
|a NZ1
|b 15021981
|
| 029 |
1 |
|
|a DEBBG
|b BV043394346
|
| 035 |
|
|
|a (OCoLC)779740501
|z (OCoLC)801657558
|z (OCoLC)808345244
|z (OCoLC)808670023
|z (OCoLC)817795288
|z (OCoLC)966522600
|
| 037 |
|
|
|a 6AABBDF8-56BB-4FE2-BD8F-E104EDC937EE
|b OverDrive, Inc.
|n http://www.overdrive.com
|
| 042 |
|
|
|a pcc
|
| 050 |
0 |
0 |
|a HG4621
|
| 072 |
|
7 |
|a BUS
|x 036000
|2 bisacsh
|
| 082 |
0 |
0 |
|a 332.6
|2 23
|
| 049 |
|
|
|a MAIN
|
| 100 |
1 |
|
|a Wilson, Richard C.
|
| 245 |
1 |
4 |
|a The family office book :
|b investing capital for the ultra-affluent /
|c Richard C. Wilson.
|
| 264 |
|
1 |
|a Hoboken, N.J. :
|b John Wiley & Sons, Inc.,
|c [2012]
|
| 264 |
|
4 |
|c ©2012
|
| 300 |
|
|
|a 1 online resource.
|
| 336 |
|
|
|a text
|b txt
|2 rdacontent
|
| 337 |
|
|
|a computer
|b c
|2 rdamedia
|
| 338 |
|
|
|a online resource
|b cr
|2 rdacarrier
|
| 490 |
1 |
|
|a Wiley finance series
|
| 500 |
|
|
|a Includes index.
|
| 588 |
0 |
|
|a Print version record and CIP data provided by publisher.
|
| 505 |
0 |
|
|a pt. 1. Family office fundamentals -- pt. 2. Family office veteran interviews -- pt. 3. Family office mechanics.
|
| 650 |
|
0 |
|a Investment advisors.
|
| 650 |
|
0 |
|a Financial planners.
|
| 650 |
|
0 |
|a Financial services industry.
|
| 650 |
|
0 |
|a Families
|x Finance, Personal.
|
| 650 |
|
0 |
|a Rich people
|x Finance, Personal.
|
| 650 |
|
0 |
|a Wealth
|x Management.
|
| 650 |
|
7 |
|a BUSINESS & ECONOMICS
|x Investments & Securities
|x General.
|2 bisacsh
|
| 655 |
|
4 |
|a Electronic books.
|
| 776 |
0 |
8 |
|i Print version:
|a Wilson, Richard C.
|t Family office book.
|d Hoboken, N.J. : John Wiley & Sons, ©2012
|z 9781118185360
|w (DLC) 2012009221
|
| 830 |
|
0 |
|a Wiley finance series.
|
| 856 |
4 |
0 |
|u https://doi.org/10.1002/9781119203223
|z Full Text via HEAL-Link
|
| 994 |
|
|
|a 92
|b DG1
|